Представление документа в формате MARC21

Поле Инд. ПП Название Значение
Тип записи a
Библиографический уровень m
001 Контрольный номер dd891aad3ab944ab8695d31a75719b88
005 Дата корректировки 20200324093623.6
020 a ISBN 978-5-86007-880-2
040 a Служба первич. каталог. НБ ТвГУ
b Код языка каталог. rus
e Правила каталог. PSBO
041 0_ a Код языка текста rus
080 a Индекс УДК 391/395(47+57)
084 a Индекс другой классификации/Индекс ББК Т3(2)5-282.2
084 a Индекс другой классификации/Индекс ББК Т3(2)5-752.2
090 a Полочн. индекс Т3(2)5
x Авторский знак М 92
097 b Оператор Semenova.ZR
100 1_ a Автор Мухина Зинара Зиевна
e Роль лиц Автор
245 10 a Заглавие Русская крестьянка в пореформенный период (вторая половина XIX-начало XX века)
b Продолж. заглавия монография
c Ответственность З. З. Мухина ; Российская академия наук, Институт этнологии и антропологии имени Н. Н. Миклухо-Маклая, Российская ассоциация исследователей женской истории (Межрегиональное общественное объединение исследователей женской истории)
246 05 a Другая форма заглавия Russian peasant woman in the post-reform period (the second half of the XIX - the beginning of the XX century)
260 a Место издания Санкт-Петербург
c Дата издания 2018
b Издательство Дмитрий Буланин
300 a Объем 719, [16] с.
504 a Библиография Библиогр.: с. 643-720
520 0_ a Аннотация Монография посвящена комплексному исследованию повседневной жизни русской крестьянки во второй половине XIX - начале ХХ в. С помощью анализа широкого круга источников выявлены факторы и механизмы, обусловившие динамику социо-культурных перемен в жизни крестьянки, баланс традиций и новаций, привнесенных модернизационными процессами пореформенного периода.
536 a Финансирование Российский фонд фундаментальных исследований
653 0_ a Ключевые слова Женщины
a Ключевые слова История женщин
a Ключевые слова Крестьянские женщины
a Ключевые слова Крестьянки
a Ключевые слова Россия
a Ключевые слова 19-20 вв.
a Ключевые слова Социально-экономическая история крестьянства
a Ключевые слова Пореформенный период
a Ключевые слова Русская крестьянка
700 12 a Другие авторы Пушкарева Н. Л.
e Роль лиц Рецензент
710 12 a Организация/ юрисдикция Российская академия наук
710 12 a Организация/ юрисдикция Институт этнологии и антропологии имени Н. Н. Миклухо-Маклая
710 12 a Организация/ юрисдикция Российская ассоциация исследователей женской истории (Межрегиональное общественное объединение исследователей женской истории)
901 t Тип документа m
920 a Оператор Семен
a Оператор Суха
a Оператор Стро
a Оператор Поля
930 a Новая/Ретро новая
952 c Вид литературы К рн
954 b Дата поступления в ОК 20191111
a Дата поступления на обработку 20191122
c Дата окончания ОНО 20191209